Statistics for NBA Basketball General Knowledge #2

Click here to take the quiz!

General Stats

  • This quiz has been taken 28,886 times
  • The average score is 15 of 20

Answer Stats

QuestionAnswer% Correct
What is the only team that plays in Canada?Toronto Raptors
99%
Who scored 60 points in his final NBA game in 2016?Kobe Bryant
92%
Who is the highest-scoring east Asian player in NBA history?Yao Ming
89%
What player, known as "Uncle Drew", said he believes the world is flat?Kyrie Irving
86%
Who was John Stockton's most famous teammate?Karl Malone
84%
Who hosts a pre-game show with Kenny, Charles, and Ernie?Shaquille O'Neal
84%
What coach has led the Spurs to five NBA championships?Gregg Popovich
83%
What Golden State player has kicked several opponents in the groin and face
with a flailing leg motion?
Draymond Green
82%
In what country were Pau and Marc Gasol born in?Spain
82%
Which NBA team is named after a car part?Detroit Pistons
78%
Whose shoe, made by the "Big Baller Brand", costs a hilarious $495?Lonzo Ball
76%
Who became, in 2017, the shortest player to average at least 25 points per game?Isaiah Thomas
75%
How did Rick Barry shoot his free throws?Underhand
75%
What player was traded from the Kings to the Pelicans in 2017?DeMarcus Cousins
73%
What company makes the official NBA basketball?Spalding
72%
What geometric offense was developed by Tex Winters and used
by the Bulls and Lakers dynasties?
{Triangle} Offense
67%
What player has the most dunks since 2000 - the first year the stat was kept?Dwight Howard
47%
Who was the coach of the Los Angeles Lakers during the "Showtime" years?Pat Riley
42%
In what city did the Utah Jazz originally play?New Orleans
41%
What player is known as the "Stifle Tower"?Rudy Gobert
41%

Score Distribution

Percentile by Number Answered

Percent of People with Each Score

Your Score History

You have not taken this quiz